000 00865cab a2200241 4500
001 WB2822-62
008 090401t1992 xxu||||| |||| 00| 0 eng d
035 _a(Sirsi) u26769
041 _aeng
245 _aHousing code of practice
260 _c1992
350 _a0
490 _aCS Monthly : General Practice
_v1(9) June 1992, 1(1)
520 _aA statutory code of practice covering the owner-occupied sector of housing has been introduced by the Commission for Racial Equality. It offers advice to estate agents on how to avoid racial discrimination.
650 _aCODE OF PRACTICE IN NON-RENTED HOUSING
650 _aEQUAL OPPORTUNITIES
650 _aESTATE AGENTS
650 _aRACE RELATIONS ACT 1976
650 _aRACIAL DISCRIMINATION
690 _aMANAGEMENT-BUSINESS MANAGEMENT-PROFESSIONAL PRACTICE
942 _n0
948 _c04/03/1997
999 _c18022
_d18022